[Event "2nd Colonial Open 2021"]
[Site "Sterling"]
[Date "2021.04.04"]
[Round "3.9"]
[White "Cardwell, Guy"]
[Black "Lu, Jason"]
[Result "0-1"]
[WhiteElo "1904"]
[BlackElo "2068"]
[Annotator "TA"]
[PlyCount "130"]
[EventDate "2021.04.02"]
[EventType "swiss"]
[EventCountry "USA"]
[SourceTitle "playchess.com"]
[Source "ChessBase"]
[SourceQuality "1"]

{[%evp 9,130,3,18,30,26,3,77,86,77,67,71,73,65,69,97,48,139,129,139,135,130,64,63,59,60,64,87,59,63,37,78,64,94,89,93,85,85,94,107,86,91,98,93,85,85,85,85,85,91,93,97,91,82,82,94,90,84,37,37,47,61,35,70,0,2,7,12,0,8,0,8,15,20,0,0,-10,-10,-10,-11,-11,0,0,0,-2,0,0,4,-34,-34,-58,0,-44,-35,-189,-179,-204,-204,-156,-156,-156,-156,-1843,-1788,-1788,-2009,-29981,-407,-1729,-1729,-1371,-1167,-569,0,-1235,-1042,-29979,-29980,-29975,-29976,-29985,-29986,-29990,-29991]} 1. e4 c5 2. Nc3 d6 3. d4 cxd4 4. Qxd4 Nc6 5. Qd2 g6 6. b3 {B23: Closed Sicilian: Lines without g3.} Bh6 7. f4 e5 (7... Nf6 $11) 8. Nb5 $1 $16 {White is better.} Bxf4 9. Qxd6 Qxd6 ({Don't blunder} 9... Qh4+ $2 10. g3 $18) 10. Nxd6+ Kf8 11. Ba3 Nge7 12. Bd3 {[#]} b6 $146 ({Black should try} 12... Kg7 $14) ({Predecessor:} 12... Kg7 13. Ne2 Be3 14. Nc4 Bh6 15. O-O f6 16. Nd6 b6 17. Nxc8 Raxc8 18. Rf3 Rhf8 {1-0 (32) Ten Hertog,H (2482)-Visser,H (2249) Hilversum 2019}) 13. Ne2 $1 Be3 14. Rf1 $1 {[%cal Rf1f7]} Be6 15. Nxf7 Bxf7 $14 16. Bc4 Nd8 17. Rd1 {[%cal Ba1d1,Bd1d3,Bd3f3][%mdl 1056] And now Rxd8+! would win. White has compensation.} Bc5 18. b4 Be3 $1 {With the idea ...Kg7.} 19. Rd3 {Threatens to win with Bb2.} Bg5 20. Rdf3 Bf4 21. Bxf7 Kxf7 22. g3 {[%mdl 64] Pin} g5 {[#]} 23. Bb2 $1 Ng6 24. gxf4 gxf4 {[#]} 25. Nxf4 exf4 26. Rxf4+ Ke7 ({Don't go for} 26... Nxf4 $2 27. Rxf4+ Kg8 28. Rg4+ Kf7 29. Bxh8 $18) 27. Bxh8 Nxh8 28. Rh4 Nhf7 29. Rxh7 Rc8 30. Kd2 Rc4 31. c3 Rxe4 32. a4 a5 33. Kd3 Rg4 34. h3 Rg5 35. Rf4 Ke6 36. Kc4 (36. Kc2 $14) 36... Ne5+ 37. Kb3 {next h4 is good for White.} Ndf7 $1 38. Rhh4 Rg1 39. Rf2 Rb1+ 40. Rb2 Re1 41. Rd4 Nc6 42. Rc4 (42. Rdd2 {seems wilder.} Re3 43. b5 Nce5 44. Re2 Rxh3 45. Rb1) 42... Nfe5 43. Rh4 axb4 44. cxb4 Rd1 45. Ka2 Kd5 46. Rg2 Nf3 47. Rh5+ Kd4 48. Kb2 Nce5 49. Rh8 {Rd8+ is the strong threat.} Nd3+ (49... Nc4+ $1 $15 50. Kc2 Ne3+ 51. Kb2 Re1 52. Rd8+ Kc4) 50. Ka3 Nfe5 {aiming for ...Nc4+.} 51. Rd8+ $2 (51. a5 $15) 51... Kc3 $19 52. Rc8+ Nc4+ 53. Rxc4+ Kxc4 {[%mdl 4096] Endgame KRN-KR} 54. Rc2+ {[#]} Kd4 $1 {Strongly threatening ...Ra1+.} 55. Rc8 $2 (55. a5 $17) 55... Ra1+ 56. Kb3 Rb1+ 57. Ka3 Nxb4 (57... Nc1 $142 58. Rxc1 Rxc1 59. Kb2 Rh1 60. a5 b5 61. Kc2 Rxh3 62. Kd2 Rh2+ 63. Ke1 Ke3 64. Kd1 Rd2+ 65. Ke1 Rd6 66. Kf1 Rg6 67. a6 Rxa6 68. Kg2 Rg6+ 69. Kh3 Kf4 70. Kh2 Kf3 71. Kh1 Kf2 72. Kh2 Rh6#) 58. h4 (58. a5 $142 bxa5 59. Ka4 Ra1+ 60. Kb3) 58... Nd3 {( -> ...Nc1)} 59. Ka2 Rb2+ 60. Ka3 Rb1 (60... Rh2 $142 61. Rg8 Rh3) 61. Ka2 $1 {[%cal Ra2b1]} Rh1 62. Rh8 Kc3 {Black mates.} 63. Rc8+ Kb4 64. Rc6 Rh2+ 65. Ka1 Kb3 {Weighted Error Value: White=0.60/Black=0.26} 0-1

[Event "2nd Colonial Open 2021"]
[Site "Sterling"]
[Date "2021.04.04"]
[Round "4.1"]
[White "Prasanna Raghuram Rao"]
[Black "Paul, Justin"]
[Result "0-1"]
[WhiteElo "2435"]
[BlackElo "2249"]
[Annotator "TA"]
[PlyCount "94"]
[EventDate "2021.04.02"]
[EventType "swiss"]
[EventCountry "USA"]
[SourceTitle "playchess.com"]
[Source "ChessBase"]
[SourceQuality "1"]

{[%evp 9,94,-7,2,0,8,0,30,22,24,34,54,50,61,63,64,77,72,25,23,0,0,0,29,12,102,104,115,95,87,67,63,32,67,42,141,168,183,166,240,240,421,414,410,380,392,258,231,83,85,-8,0,0,0,0,0,-130,-7,-139,-41,-213,-210,-286,-262,-277,-282,-283,-287,-290,-277,-277,-274,-310,-318,-387,-387,-492,-502,-546,-424,-836,-809,-1068,-1065,-990,-955,-5820,-5727]} 1. d4 Nf6 2. Bg5 d5 3. Nd2 c5 4. e3 Nc6 5. c3 e6 6. Bd3 {D00: 1 d4 d5: Unusual lines.} Qb6 7. Rb1 Bd7 8. Ngf3 {White has an edge.} cxd4 9. exd4 Bd6 10. O-O Qc7 11. Re1 {[#]} h6 $146 ({Predecessor:} 11... Ng4 12. h3 h6 13. hxg4 hxg5 14. Nxg5 Bf4 15. Nh3 O-O-O 16. Nf3 Bd6 17. Rc1 Kb8 {1-0 (39) Hamblok,R (2293)-Hess,C (2100) Germany 2012}) 12. Bh4 Nh5 13. Bb5 (13. c4 {feels hotter.} Nf4 14. Bc2 g5 15. Bg3 Kf8 16. c5) 13... g5 14. Bg3 Nxg3 15. hxg3 O-O-O 16. c4 Kb8 (16... dxc4 $11 17. Nxc4 Bb4) 17. c5 $16 Be7 18. b4 {[%cal Bb2b4,Bb4b5][%mdl 32]} f6 19. a4 Ka8 20. Re3 Rb8 21. Reb3 e5 (21... h5 $14) 22. Bxc6 bxc6 23. b5 Bc8 (23... Bf5 $142) 24. dxe5 fxe5 $2 (24... cxb5 25. Nd4 (25. Rxb5 Rxb5 26. axb5 Bxc5 $14) (25. axb5 Bxc5 26. Nf1 fxe5 $11) 25... b4) 25. b6 $18 axb6 26. cxb6 Qd6 27. Qe2 e4 28. Ne1 (28. Nd4 $18 {is the precise move to win.} Bf6 29. Nf5 $1) 28... Kb7 $16 29. Rd1 (29. a5 $16 {Black must now prevent a6+.} Ra8 30. a6+ Rxa6 31. Qxa6+ $3 {[%mdl 512]} Kxa6 32. b7 Bxb7 33. Ra1+ Qa3 34. Rbxa3+ (34. Raxa3+ Bxa3 35. Rxa3+ Kb6 $14) 34... Bxa3 35. Rxa3+ Kb6 36. Rb3+ Kc7 37. Rc3) 29... Qf6 $1 $11 30. Rc1 Ra8 31. Rbc3 Bd7 32. Qd1 (32. f3 $1 $11 {remains equal.}) 32... Qd4 (32... Rhd8 $17 33. Qc2 Bb4) 33. Re3 (33. Qc2 $1 $11 {was the only way to keep the balance.} Qxa4 34. Nb3) 33... Rhd8 ({Much weaker is} 33... Qxa4 $6 34. Nc2 $11) (33... Qxb6 $2 34. Rb1 $18) (33... Rxa4 34. Nef3 $1 $18) (33... Bb4 $1 $17 34. Nxe4 Qxd1 35. Rxd1 Bf5) 34. a5 $2 {[#]} (34. Nd3 $1 $15 Qf6 35. Nc5+ Bxc5 36. Rxc5 Kxb6 37. Rec3) 34... Bb4 $1 $19 {[%mdl 64] Double Attack} ({Stronger than} 34... Rxa5 35. Nc4 $16) 35. Nb3 Qxd1 36. Rxd1 Bxa5 37. Nxa5+ Rxa5 38. f3 exf3 ({Not} 38... Kxb6 39. fxe4 Re8 40. Nc2 $19) 39. Nxf3 Bg4 40. Rb1 Rb5 41. Rxb5 cxb5 {[%mdl 4096] Endgame KRB-KRN} 42. Ne5 {[#]} d4 $1 {Black is clearly winning.} 43. Rb3 (43. Re4 Bf5) 43... Be6 44. Rf3 (44. Rxb5 $142 d3 45. Nxd3 Rxd3 46. Re5) 44... Bc4 45. Rf6 d3 {Strongly threatening ...d2.} 46. Nc6 Re8 47. Rd6 Kxb6 {What a bad dream for White.  Weighted Error Value: White=0.70/Black=0.26} 0-1

[Event "2nd Colonial Open 2021"]
[Site "Sterling"]
[Date "2021.04.04"]
[Round "4.2"]
[White "Miller, Daniel"]
[Black "Liang, Jason"]
[Result "1-0"]
[WhiteElo "2182"]
[BlackElo "2351"]
[Annotator "ChessBase"]
[PlyCount "171"]
[EventDate "2021.04.02"]
[EventType "swiss"]
[EventCountry "USA"]
[SourceTitle "playchess.com"]
[Source "ChessBase"]
[SourceQuality "1"]
[TimeControl "7200+30"]

1. e4 {[%emt 0:00:00]} c6 {[%emt 0:05:09]} 2. Nc3 {[%emt 0:00:09]} d5 {[%emt 0:00:33]} 3. Nf3 {[%emt 0:00:09]} dxe4 {[%emt 0:08:46]} 4. Nxe4 {[%emt 0:00:50]} Nf6 {[%emt 0:00:09]} 5. Nxf6+ {[%emt 0:03:01]} exf6 {[%emt 0:00:13]} 6. d4 {[%emt 0:06:03]} Bd6 {[%emt 0:00:25]} 7. Be2 {[%emt 0:00:08]} O-O {[%emt 0:00:18]} 8. O-O {[%emt 0:00:08]} Bg4 {[%emt 0:01:29]} 9. h3 {[%emt 0:11:50]} Be6 {[%emt 0:02:00]} 10. Re1 {[%emt 0:04:15]} Re8 {[%emt 0:00:18]} 11. c4 {[%emt 0:06:34]} Na6 {[%emt 0:03:54]} 12. Be3 {[%emt 0:06:11]} Qd7 {[%emt 0:04:53]} 13. d5 {[%emt 0:08:58]} cxd5 {[%emt 0:00:27]} 14. cxd5 {[%emt 0:00:05]} Bxd5 {[%emt 0:01:27]} 15. Nd4 {[%emt 0:00:08]} Nc7 {[%emt 0:02:20]} 16. Bg4 {[%emt 0:08:20]} Ne6 {[%emt 0:08:51]} 17. Qd2 {[%emt 0:18:32]} Bf8 {[%emt 0:09:26]} 18. Red1 {[%emt 0:03:49]} Red8 {[%emt 0:08:10]} 19. Rac1 {[%emt 0:10:13]} Qe8 {[%emt 0:03:02]} 20. Qa5 {[%emt 0:09:11]} b6 {[%emt 0:12:37]} 21. Qa6 {[%emt 0:00:37]} Rd7 {[%emt 0:06:41]} 22. a3 {[%emt 0:16:20]} Bb7 {[%emt 0:03:54]} 23. Qa4 {[%emt 0:06:30]} Rxd4 {[%emt 0:12:58]} 24. Rxd4 {[%emt 0:00:03]} Nxd4 {[%emt 0:00:10]} 25. Qxe8 {[%emt 0:03:42]} Rxe8 {[%emt 0:00:08]} 26. Bxd4 {[%emt 0:00:10]} Bd6 {[%emt 0:00:19]} 27. Rd1 {[%emt 0:00:43]} Rd8 {[%emt 0:01:39]} 28. Bc3 {[%emt 0:01:26]} f5 {[%emt 0:01:38]} 29. Be2 {[%emt 0:00:08]} Bc7 {[%emt 0:00:31]} 30. Rc1 {[%emt 0:00:57]} Bf4 {[%emt 0:00:16]} 31. Rd1 {[%emt 0:00:49]} Rxd1+ {[%emt 0:01:55]} 32. Bxd1 {[%emt 0:00:02]} Bd5 {[%emt 0:00:12]} 33. Kf1 {[%emt 0:01:40]} Bd6 {[%emt 0:01:05]} 34. Bc2 {[%emt 0:00:37]} f4 {[%emt 0:00:25]} 35. Bd1 {[%emt 0:01:02]} f6 {[%emt 0:00:14]} 36. f3 {[%emt 0:00:26]} Be5 {[%emt 0:00:43]} 37. Be2 {[%emt 0:02:36]} Kf7 {[%emt 0:00:48]} 38. Bd3 {[%emt 0:00:06]} h6 {[%emt 0:00:40]} 39. Ke2 {[%emt 0:00:28]} Bxc3 {[%emt 0:00:31]} 40. bxc3 {[%emt 0:00:02]} Ke6 {[%emt 0:00:10]} 41. Kd2 {[%emt 0:00:17]} Kd6 {[%emt 0:00:10]} 42. c4 {[%emt 0:00:44]} Be6 {[%emt 0:00:17]} 43. Kc3 {[%emt 0:00:11]} Kc5 {[%emt 0:00:05]} 44. Bf1 {[%emt 0:00:53]} g5 {[%emt 0:03:34]} 45. Bd3 {[%emt 0:01:08]} h5 {[%emt 0:04:19]} 46. Be2 {[%emt 0:00:03]} Bd7 {[%emt 0:00:51]} 47. Bd1 {[%emt 0:00:05]} Bf5 {[%emt 0:00:40]} 48. Be2 {[%emt 0:00:07]} Be6 {[%emt 0:00:06]} 49. Bd3 {[%emt 0:00:49]} a6 {[%emt 0:11:50]} 50. Be2 {[%emt 0:00:37]} Bf5 {[%emt 0:00:11]} 51. Bf1 {[%emt 0:00:07]} g4 {[%emt 0:03:40]} 52. hxg4 {[%emt 0:01:15]} hxg4 {[%emt 0:00:06]} 53. Be2 {[%emt 0:00:09]} gxf3 {[%emt 0:00:34]} 54. gxf3 {[%emt 0:00:14]} Bh3 {[%emt 0:00:04]} 55. Kd3 {[%emt 0:00:26]} f5 {[%emt 0:00:12]} 56. Kc3 {[%emt 0:00:11]} Bg2 {[%emt 0:00:18]} 57. Kd3 {[%emt 0:00:13]} Kd6 {[%emt 0:01:10]} 58. Kd4 {[%emt 0:01:15]} Ke6 {[%emt 0:02:14]} 59. c5 {[%emt 0:02:15]} b5 {[%emt 0:05:54]} 60. c6 {[%emt 0:00:02]} Kd6 {[%emt 0:00:11]} 61. c7 {[%emt 0:00:04]} Kxc7 {[%emt 0:00:11]} 62. Ke5 {[%emt 0:00:03]} Kb6 {[%emt 0:00:41]} 63. Kxf4 {[%emt 0:00:49]} Ka5 {[%emt 0:00:50]} 64. Bd1 {[%emt 0:01:01]} Bh3 {[%emt 0:01:05]} 65. Be2 {[%emt 0:01:56]} Ka4 {[%emt 0:01:44]} 66. Kg3 {[%emt 0:00:04]} Kxa3 {[%emt 0:00:04]} 67. Kxh3 {[%emt 0:00:09]} Kb4 {[%emt 0:00:02]} 68. f4 {[%emt 0:00:29]} a5 {[%emt 0:00:04]} 69. Bd3 {[%emt 0:00:08]} a4 {[%emt 0:00:47]} 70. Bxf5 {[%emt 0:00:06]} Kc3 {[%emt 0:02:56]} 71. Be6 {[%emt 0:00:52]} Kd4 {[%emt 0:00:45]} 72. Kg4 {[%emt 0:00:42]} b4 {[%emt 0:00:04]} 73. f5 {[%emt 0:00:39]} b3 {[%emt 0:00:56]} 74. f6 {[%emt 0:00:32]} Ke5 {[%emt 0:00:30]} 75. f7 {[%emt 0:00:22]} b2 {[%emt 0:00:30]} 76. Ba2 {[%emt 0:00:09]} a3 {[%emt 0:00:24]} 77. f8=Q {[%emt 0:00:08]} b1=Q {[%emt 0:00:09]} 78. Bxb1 {[%emt 0:00:09]} a2 {[%emt 0:00:06]} 79. Qf4+ {[%emt 0:00:27]} Kd5 {[%emt 0:00:07]} 80. Bxa2+ {[%emt 0:00:06]} Kc5 {[%emt 0:00:12]} 81. Kf5 {[%emt 0:00:37]} Kb5 {[%emt 0:00:07]} 82. Ke5 {[%emt 0:00:12]} Kc5 {[%emt 0:00:08]} 83. Bd5 {[%emt 0:00:15]} Kb5 {[%emt 0:00:07]} 84. Kd6 {[%emt 0:00:10]} Ka6 {[%emt 0:00:11]} 85. Qb4 {[%emt 0:00:13]} Ka7 {[%emt 0:00:05]} 86. Qb7# {[%emt 0:00:08]} 1-0

[Event "2nd Colonial Open 2021"]
[Site "Sterling"]
[Date "2021.04.04"]
[Round "4.3"]
[White "Park, Evan"]
[Black "Lee, Justin"]
[Result "0-1"]
[WhiteElo "2208"]
[BlackElo "1953"]
[Annotator "ChessBase"]
[PlyCount "68"]
[EventDate "2021.04.02"]
[EventType "swiss"]
[EventCountry "USA"]
[SourceTitle "playchess.com"]
[Source "ChessBase"]
[SourceQuality "1"]
[TimeControl "7200+30"]

1. e4 {[%emt 0:00:41]} c5 {[%emt 0:00:00]} 2. Nf3 {[%emt 0:00:07]} e6 {[%emt 0:00:00]} 3. d4 {[%emt 0:00:37]} cxd4 {[%emt 0:00:00]} 4. Nxd4 {[%emt 0:00:07]} a6 {[%emt 0:00:09]} 5. c4 {[%emt 0:01:13]} Nf6 {[%emt 0:00:19]} 6. Nc3 {[%emt 0:00:11]} Qc7 {[%emt 0:00:50]} 7. Be2 {[%emt 0:00:28]} b6 {[%emt 0:03:21]} 8. O-O {[%emt 0:02:54]} Bb7 {[%emt 0:07:01]} 9. f3 {[%emt 0:00:25]} d6 {[%emt 0:03:33]} 10. Be3 {[%emt 0:00:20]} Be7 {[%emt 0:00:24]} 11. a4 {[%emt 0:02:32]} O-O {[%emt 0:00:33]} 12. Qd2 {[%emt 0:04:35]} Nbd7 {[%emt 0:00:55]} 13. a5 {[%emt 0:06:35]} bxa5 {[%emt 0:06:28]} 14. Nb3 {[%emt 0:00:45]} d5 {[%emt 0:24:12]} 15. exd5 {[%emt 0:18:21]} exd5 {[%emt 0:01:35]} 16. Nxd5 {[%emt 0:03:34]} Bxd5 {[%emt 0:02:00]} 17. cxd5 {[%emt 0:00:19]} Bd6 {[%emt 0:11:02]} 18. f4 {[%emt 0:10:11]} Qb7 {[%emt 0:02:03]} 19. Bc4 {[%emt 0:09:52]} Nb6 {[%emt 0:00:42]} 20. Nxa5 {[%emt 0:03:15]} Nxc4 {[%emt 0:00:09]} 21. Nxb7 {[%emt 0:01:29]} Nxd2 {[%emt 1:05:14]} 22. Nxd6 {[%emt 0:02:29]} Nxf1 {[%emt 0:00:00]} 23. Rxf1 {[%emt 0:00:06]} Nxd5 {[%emt 0:00:00]} 24. Bc5 {[%emt 0:00:06]} Rab8 {[%emt 0:00:00]} 25. Ba3 {[%emt 0:00:17]} Rb3 {[%emt 0:00:00]} 26. g3 {[%emt 0:00:22]} Rd8 {[%emt 0:00:00]} 27. Rc1 {[%emt 0:01:36]} h5 {[%emt 0:00:00]} 28. Ne4 {[%emt 0:00:37]} Re8 {[%emt 0:00:00]} 29. Nd6 {[%emt 0:01:10]} Rd8 {[%emt 0:00:00]} 30. Ne4 {[%emt 0:00:05]} Re3 {[%emt 0:00:00]} 31. Nc5 {[%emt 0:00:56]} Nf6 {[%emt 0:00:00]} 32. Rc2 {[%emt 0:01:42]} Rc8 {[%emt 0:00:00]} 33. Kf2 {[%emt 0:00:43]} Rxa3 {[%emt 0:00:00]} 34. bxa3 {[%emt 0:00:03]} Rxc5 {[%emt 0:00:00]} 0-1

[Event "2nd Colonial Open 2021"]
[Site "Sterling"]
[Date "2021.04.04"]
[Round "4.4"]
[White "Peraino, Andrew"]
[Black "Chiu, Isaac"]
[Result "0-1"]
[WhiteElo "2029"]
[BlackElo "2195"]
[Annotator "NA"]
[PlyCount "72"]
[EventDate "2021.04.02"]
[EventType "swiss"]
[EventCountry "USA"]
[SourceTitle "playchess.com"]
[Source "ChessBase"]
[SourceQuality "1"]
[TimeControl "7200+30"]

1. e4 {[%emt 0:00:53]} g6 {[%emt 0:00:00]} 2. d4 {[%emt 0:00:18]} Bg7 {[%emt 0:00:00]} 3. f4 {[%emt 0:00:43]} c5 {[%emt 0:00:00]} 4. c3 {[%emt 0:00:11]} cxd4 {[%emt 0:00:00]} 5. cxd4 {[%emt 0:00:10]} d5 $11 {[%emt 0:00:00]} 6. e5 {[%emt 0:00:28]} Nc6 {[%emt 0:00:00]} 7. Nc3 {[%emt 0:04:59]} Nh6 {[%emt 0:00:00]} 8. Be3 {[%emt 0:00:40]} O-O {[%emt 0:00:00]} 9. Qd2 {[%emt 0:07:20]} f6 {[%emt 0:06:12]} 10. Be2 {[%emt 0:05:55]} Be6 {[%emt 0:08:20]} 11. Rc1 {[%emt 0:04:58]} Nf5 {[%emt 0:04:46]} 12. Nf3 {[%emt 0:02:30]} Bh6 {[%emt 0:02:31]} 13. g4 {[%emt 0:11:34]} Nxe3 {[%emt 0:02:36]} 14. Qxe3 {[%emt 0:00:01]} Bxg4 {[%emt 0:05:11]} 15. Nxd5 {[%emt 0:01:32]} Be6 {[%emt 0:10:03]} 16. Nc3 {[%emt 0:11:32]} fxe5 {[%emt 0:01:01]} 17. Ng5 {[%emt 0:00:37]} Bxg5 {[%emt 0:01:24]} 18. fxg5 {[%emt 0:00:21]} Qxd4 {[%emt 0:00:45]} 19. Qxd4 {[%emt 0:06:54]} exd4 {[%emt 0:00:20]} 20. Ne4 {[%emt 0:00:27]} Bxa2 {[%emt 0:04:14]} 21. Nc5 {[%emt 0:08:02]} Ne5 {[%emt 0:01:01]} 22. h4 {[%emt 0:05:39]} Bd5 {[%emt 0:00:20]} 23. Rh3 {[%emt 0:00:38]} Rac8 {[%emt 0:00:12]} 24. Kd2 {[%emt 0:00:47]} b6 {[%emt 0:00:52]} 25. Nd3 {[%emt 0:00:36]} Nxd3 {[%emt 0:00:29]} 26. Rxc8 {[%emt 0:00:52]} Rxc8 {[%emt 0:00:01]} 27. Bxd3 {[%emt 0:00:40]} e5 {[%emt 0:00:18]} 28. h5 {[%emt 0:00:23]} e4 {[%emt 0:00:54]} 29. Ba6 {[%emt 0:02:28]} Rf8 {[%emt 0:00:32]} 30. hxg6 {[%emt 0:00:52]} hxg6 {[%emt 0:00:07]} 31. Ke1 {[%emt 0:01:47]} Rf4 {[%emt 0:02:06]} 32. Rg3 {[%emt 0:00:18]} Kg7 {[%emt 0:00:46]} 33. Be2 {[%emt 0:09:04]} a5 {[%emt 0:01:09]} 34. Bb5 {[%emt 0:01:16]} Rh4 {[%emt 0:00:14]} 35. Rg2 {[%emt 0:07:45]} Rh1+ {[%emt 0:00:19]} 36. Ke2 {[%emt 0:00:07]} Rb1 {[%emt 0:00:21]} 0-1

[Event "2nd Colonial Open 2021"]
[Site "Sterling"]
[Date "2021.04.04"]
[Round "4.5"]
[White "Yanayt, Eugene"]
[Black "Mundayat, Abinav"]
[Result "1-0"]
[WhiteElo "2079"]
[BlackElo "1941"]
[Annotator "ChessBase"]
[PlyCount "61"]
[EventDate "2021.04.02"]
[EventType "swiss"]
[EventCountry "USA"]
[SourceTitle "playchess.com"]
[Source "ChessBase"]
[SourceQuality "1"]
[TimeControl "7200+30"]

1. d4 {[%emt 0:02:00]} Nf6 {[%emt 0:00:00]} 2. c4 {[%emt 0:00:16]} e6 {[%emt 0:00:00]} 3. g3 {[%emt 0:00:16]} d5 {[%emt 0:00:00]} 4. Nf3 {[%emt 0:00:16]} Be7 {[%emt 0:00:06]} 5. Bg2 {[%emt 0:00:17]} O-O {[%emt 0:00:13]} 6. O-O {[%emt 0:00:10]} dxc4 {[%emt 0:00:11]} 7. Qc2 {[%emt 0:00:20]} a6 {[%emt 0:00:24]} 8. a4 {[%emt 0:00:14]} Bd7 {[%emt 0:00:21]} 9. Ne5 {[%emt 0:01:03]} Bc6 {[%emt 0:00:23]} 10. Nxc6 {[%emt 0:00:53]} Nxc6 {[%emt 0:00:06]} 11. e3 {[%emt 0:04:42]} Nd5 {[%emt 0:00:54]} 12. a5 {[%emt 0:07:44]} b5 {[%emt 0:26:04]} 13. axb6 {[%emt 0:01:15]} cxb6 {[%emt 0:00:18]} 14. Qxc4 {[%emt 0:03:52]} Na5 {[%emt 0:00:28]} 15. Qa4 {[%emt 0:11:47]} Qe8 {[%emt 0:09:49]} 16. Qd1 {[%emt 0:12:34]} Qb5 {[%emt 0:09:07]} 17. e4 {[%emt 0:05:55]} Nf6 {[%emt 0:16:04]} 18. Nc3 {[%emt 0:02:48]} Qb3 {[%emt 0:00:14]} 19. Ra4 {[%emt 0:22:57]} Rfd8 {[%emt 0:08:10]} 20. d5 {[%emt 0:13:30]} Qxd1 {[%emt 0:19:03]} 21. Rxd1 {[%emt 0:00:12]} Nb3 {[%emt 0:00:08]} 22. Bf4 {[%emt 0:02:53]} b5 {[%emt 0:04:32]} 23. Ra2 {[%emt 0:00:03]} b4 {[%emt 0:05:22]} 24. Na4 {[%emt 0:02:25]} exd5 {[%emt 0:03:46]} 25. e5 {[%emt 0:06:21]} Nh5 {[%emt 0:03:39]} 26. Be3 {[%emt 0:11:57]} Rac8 {[%emt 0:11:17]} 27. Bxd5 {[%emt 0:02:46]} Bc5 {[%emt 0:01:53]} 28. Nxc5 {[%emt 0:05:07]} Nxc5 {[%emt 0:00:30]} 29. Bxc5 {[%emt 0:00:48]} Kh8 {[%emt 0:01:12]} 30. Be7 {[%emt 0:02:03]} Rd7 {[%emt 0:00:30]} 31. Bd6 {[%emt 0:00:09]} 1-0